The Squireels Who Squabbled (Record no. 3910)

MARC details
000 -LEADER
fixed length control field 00376nam a22001217a 4500
005 - DATE AND TIME OF LATEST TRANSACTION
control field 20210423145105.0
008 - FIXED-LENGTH DATA ELEMENTS--GENERAL INFORMATION
fixed length control field 210423b ||||| |||| 00| 0 eng d
020 ## - INTERNATIONAL STANDARD BOOK NUMBER
International Standard Book Number 9781408355763
040 ## - CATALOGING SOURCE
Transcribing agency CML
245 ## - TITLE STATEMENT
Title The Squireels Who Squabbled
Statement of responsibility, etc. Bright Rachel, Jim Field
260 ## - PUBLICATION, DISTRIBUTION, ETC.
Place of publication, distribution, etc. Great Britain
Name of publisher, distributor, etc. Orchad Books
Date of publication, distribution, etc. 2017
942 ## - ADDED ENTRY ELEMENTS (KOHA)
Source of classification or shelving scheme Dewey Decimal Classification
Koha item type Books
Edition 1st Edition
Classification part 823.92
Call number suffix BRI
Holdings
Withdrawn status Lost status Source of classification or shelving scheme Damaged status Not for loan Collection code Home library Current library Shelving location Date acquired Total Checkouts Full call number Barcode Date last seen Copy number Price effective from Koha item type
    Dewey Decimal Classification     Literature & Rhetoric Chalimbana Main Library Chalimbana Main Library Literature & Rhetoric 04/23/2021   823.92 BRI 9781408355763 04/23/2021 1 04/23/2021 Books

Powered by Koha